00794nac a22002171u 4500010001400000020001500014082001800029090001500047100003400062245010500096260004900201300003100250500002700281504004600308511002800354650002400382650002900406942002000435999001500455952010600470 a008729183 a0273630946 a658.4012bGRU c6458d6458 aGrundy, Tony.  aHarnessing strategic behaviour : why personality and politics drive company strategy /cTony Grundy. aLondon :b Financial Times, c.1998.cc.1998. axvi,271p. :bill. ;c24cm. aDistributer: Al-Ahram. aBibliography: p263-267. _ Includes index. aCatalogued By: Mahitab. aStrategic planning. aOrganizational behavior. cBBk658.4012GRU c6458d6458 00104070aMAINbMAINc1STd2007-11-25ePurchasel0o658.4012GRUp000007861r2025-07-15 00:00:00yBB